[Event "TUR-chT Clubs"]
[White "Yanik, Emine"]
[Black "Eraslan, Yagmur"]
[Site "Konya"]
[Round "2.1"]
[Result "0-1"]
[Date "2019.07.17"]
[WhiteElo "1911"]
[BlackElo "1651"]
[PlyCount "120"]
[EventDate "2019.07.16"]
[EventType "team-swiss"]
[EventRounds "9"]
[EventCountry "TUR"]
[SourceTitle "CBM 191 Extra"]
[Source "ChessBase"]
[SourceDate "2019.09.30"]
[SourceVersion "1"]
[SourceVersionDate "2019.09.30"]
[SourceQuality "1"]
[WhiteTeam "Krater Genclik"]
[BlackTeam "Trabzon Feda"]
[WhiteTeamCountry "TUR"]
[BlackTeamCountry "TUR"]

1. d4 d5 2. Nf3 Nf6 3. Bf4 c6 4. e3 Bg4 5. Be2 e6 6. 0-0 Be7 7. h3 Bh5 8. c4 0-0 9. Qb3 Qc8 10. Nc3 Nbd7 11. Rac1 Ne4 12. Qd1 Nxc3 13. Rxc3 Nf6 14. a3 Ne4 15. Rc1 Qd8 16. cxd5 exd5 17. Ne5 Bxe2 18. Qxe2 Nd6 19. Qg4 Kh8 20. Nd3 Nc4 21. Qe2 a5 22. Ne5 Nxe5 23. Bxe5 a4 24. Rfd1 f6 25. Bg3 Re8 26. Qc2 Bd6 27. Bxd6 Qxd6 28. Qc5 Qxc5 29. Rxc5 Ra6 30. Rd2 f5 31. Kf1 h5 32. Re2 Kg8 33. f3 Raa8 34. Kf2 g6 35. Kg3 Kf7 36. Kf4 Re6 37. h4 b6 38. Rc3 Ke7 39. Kg5 Kd6 40. Rec2 Rc8 41. b3 axb3 42. Rxb3 Kc7 43. Rcb2 c5 44. dxc5 bxc5 45. Rb7+ Kd6 46. Rg7 Rxe3 47. Rxg6+ Ke5 48. f4+ Kd4 49. Kxf5 c4 50. Rb5 Rf8+ 51. Rf6 Rxf6+ 52. Kxf6 c3 53. Rb1 c2 54. Rc1 Kc3 55. Kg6 Rd3 56. f5 Rd1 57. Rxc2+ Kxc2 58. Kxh5 Rf1 59. Kg6 d4 60. f6 d3 0-1

[Event "TUR-chT 1st League"]
[White "Yanik, Emine"]
[Black "Koc, Suleyman Sarp"]
[Site "Konya"]
[Round "9.10"]
[Result "1/2-1/2"]
[Date "2018.07.22"]
[WhiteElo "1917"]
[BlackElo "2035"]
[PlyCount "24"]
[EventDate "2018.07.16"]
[EventType "team-swiss"]
[EventRounds "9"]
[EventCountry "TUR"]
[SourceTitle "EXT 2019"]
[Source "ChessBase"]
[SourceDate "2018.10.10"]
[SourceVersion "1"]
[SourceVersionDate "2018.10.10"]
[SourceQuality "1"]
[WhiteTeam "Karaman Saglik"]
[BlackTeam "Karman Masterler"]
[WhiteTeamCountry "TUR"]
[BlackTeamCountry "TUR"]

1. d4 d5 2. Nf3 Nf6 3. Bf4 c6 4. e3 g6 5. Bd3 Bg4 6. Be5 Bg7 7. 0-0 Nh5 8. Bg3 Nf6 9. Be5 Nh5 10. Bg3 Nf6 11. Be5 Nh5 12. Bg3 Nf6 1/2-1/2

[Event "TUR-chT 1st League"]
[White "Yanik, Emine"]
[Black "Eric, Jovana"]
[Site "Konya"]
[Round "5.5"]
[Result "0-1"]
[Date "2017.07.20"]
[WhiteElo "1925"]
[BlackElo "2262"]
[PlyCount "56"]
[EventDate "2017.07.17"]
[EventType "team-swiss"]
[EventRounds "9"]
[EventCountry "TUR"]
[SourceTitle "CBM 179 Extra"]
[Source "ChessBase"]
[SourceDate "2017.08.23"]
[SourceVersion "1"]
[SourceVersionDate "2017.08.23"]
[SourceQuality "1"]
[WhiteTeam "Karaman Saglik"]
[BlackTeam "Aydin Egitim Merkezi"]
[WhiteTeamCountry "TUR"]
[BlackTeamCountry "TUR"]

1. d4 Nf6 2. Nf3 g6 3. g3 Bg7 4. Bg2 0-0 5. 0-0 d6 6. c3 Nc6 7. Nbd2 e5 8. e4 Bg4 9. d5 Ne7 10. Qc2 Qd7 11. Re1 Bh3 12. Bh1 h6 13. c4 Nh5 14. Nf1 f5 15. Qe2 f4 16. a4 Rf7 17. Nh4 Raf8 18. Bf3 fxg3 19. hxg3 Nf6 20. Bh1 g5 21. Nf3 Ng6 22. Bd2 Ng4 23. Ra3 Rf6 24. b4 Qe8 25. c5 Ne7 26. Rc1 Qg6 27. Be1 Qh5 28. Rc2 Bxf1 0-1

[Event "TUR-chT 1st League"]
[White "Zimina, Olga"]
[Black "Yanik, Emine"]
[Site "Konya"]
[Round "4.4"]
[Result "1-0"]
[Date "2017.07.19"]
[WhiteElo "2390"]
[BlackElo "1925"]
[PlyCount "75"]
[EventDate "2017.07.17"]
[EventType "team-swiss"]
[EventRounds "9"]
[EventCountry "TUR"]
[SourceTitle "CBM 179 Extra"]
[Source "ChessBase"]
[SourceDate "2017.08.23"]
[SourceVersion "1"]
[SourceVersionDate "2017.08.23"]
[SourceQuality "1"]
[WhiteTeam "Manisa Turkuaz"]
[BlackTeam "Karaman Saglik"]
[WhiteTeamCountry "TUR"]
[BlackTeamCountry "TUR"]

1. Nf3 d5 2. c4 c6 3. g3 Nf6 4. Bg2 e6 5. 0-0 Nbd7 6. d4 Bd6 7. Nc3 0-0 8. Nd2 Re8 9. e4 dxe4 10. Ndxe4 Be7 11. Bf4 Nxe4 12. Nxe4 Nf6 13. Nc3 Qb6 14. b3 Rd8 15. Be3 Qa5 16. Qc2 Ng4 17. c5 Nxe3 18. fxe3 e5 19. Rad1 Be6 20. Kh1 Qb4 21. Ne2 exd4 22. exd4 Bd5 23. Bxd5 Rxd5 24. a3 Qa5 25. Nc3 Rdd8 26. b4 Qc7 27. d5 Bf8 28. d6 Qd7 29. Ne4 Qg4 30. Qc4 Qg6 31. Rf4 Rd7 32. Rdf1 Re8 33. Rg4 Rxe4 34. Qxe4 Qxe4+ 35. Rxe4 g6 36. Re8 a6 37. Rfe1 f6 38. Rc8 1-0

[Event "TUR-ch (Women)"]
[White "Yanik, Emine"]
[Black "Cemhan, Kardelen"]
[Site "Kemer"]
[Round "8"]
[Result "1/2-1/2"]
[Date "2012.02.02"]
[WhiteElo "1972"]
[BlackElo "1952"]
[PlyCount "142"]
[EventDate "2012.01.29"]
[EventType "swiss"]
[EventRounds "9"]
[EventCountry "TUR"]
[SourceTitle "CBM 146 Extra"]
[Source "ChessBase"]
[SourceDate "2012.02.29"]
[SourceVersion "1"]
[SourceVersionDate "2012.02.29"]
[SourceQuality "1"]

1. d4 d5 2. c4 e6 3. Nc3 Nf6 4. cxd5 exd5 5. Bg5 Be7 6. e3 c6 7. Bd3 Nbd7 8. Nf3 0-0 9. 0-0 Re8 10. Qc2 Nf8 11. Rab1 g6 12. h3 Ne6 13. Bh4 Ng7 14. b4 a6 15. a4 Bf5 16. b5 axb5 17. axb5 Bxd3 18. Qxd3 Nf5 19. Bg5 Ra3 20. Qc2 Nd6 21. bxc6 bxc6 22. Ne5 Qa8 23. Rfc1 Rxc3 24. Qxc3 Nfe4 25. Qxc6 Qxc6 26. Rxc6 Nxg5 27. Rbb6 Nde4 28. Nd3 Ne6 29. Rb5 Rd8 30. Ra5 Bd6 31. Raa6 Bc7 32. Ra7 Bd6 33. Raa6 Bf8 34. Ne5 Rb8 35. Nxf7 Nxd4 36. exd4 Kxf7 37. Ra7+ Kg8 38. Rd7 Rb1+ 39. Kh2 Nd2 40. h4 Nf1+ 41. Kh3 Rb3+ 42. f3 Rb8 43. Rxd5 Ne3 44. Rd7 Bg7 45. Rcc7 Bh8 46. d5 Be5 47. Rb7 Rxb7 48. Rxb7 Nxd5 49. Kg4 Ne3+ 50. Kh3 Nf5 51. g4 Nd4 52. Kg2 Ne6 53. Kf1 Nf4 54. Rd7 Bf6 55. g5 Be5 56. Re7 Bg7 57. Kf2 Nh5 58. Ke3 Ng3 59. Kf2 Nh5 60. Ke3 Ng3 61. Kf2 Bf8 62. Rc7 Nf5 63. Rc4 Bd6 64. Rg4 Kf7 65. Ra4 Bg3+ 66. Kg2 Bxh4 67. Ra7+ Ke6 68. f4 h5 69. gxh6 Nxh6 70. Kf3 Bf6 71. Ra6+ Kf7 1/2-1/2

[Event "Tancat (Women)"]
[White "Aranaz Murillo, Amalia"]
[Black "Yanik, Emine"]
[Site "Sabadell"]
[Round "8"]
[Result "1-0"]
[Date "2010.05.21"]
[WhiteElo "2161"]
[BlackElo "2025"]
[PlyCount "45"]
[EventDate "2010.05.14"]
[EventType "tourn"]
[EventRounds "9"]
[EventCountry "ESP"]
[SourceTitle "CBM 136 Extra"]
[Source "ChessBase"]
[SourceDate "2010.07.02"]
[SourceVersion "2"]
[SourceVersionDate "2010.07.15"]
[SourceQuality "1"]

1. Nf3 d5 2. d4 e6 3. c4 c6 4. Qc2 Bd6 5. g3 f5 6. Bf4 Bb4+ 7. Nc3 Nf6 8. e3 Ne4 9. Bd3 Nd7 10. h4 Qa5 11. 0-0 Be7 12. a3 Qd8 13. cxd5 Nxc3 14. dxe6 Nb6 15. bxc3 Qd5 16. e4 fxe4 17. Bxe4 Qh5 18. Ng5 Bxg5 19. Bxg5 Bxe6 20. Rfe1 Kf7 21. Bf5 Bxf5 22. Qxf5+ Kg8 23. Re7 1-0

[Event "Tancat (Women)"]
[White "Matnadze, Ana"]
[Black "Yanik, Emine"]
[Site "Sabadell"]
[Round "3"]
[Result "1-0"]
[Date "2010.05.16"]
[WhiteElo "2409"]
[BlackElo "2025"]
[PlyCount "77"]
[EventDate "2010.05.14"]
[EventType "tourn"]
[EventRounds "9"]
[EventCountry "ESP"]
[SourceTitle "CBM 136 Extra"]
[Source "ChessBase"]
[SourceDate "2010.07.02"]
[SourceVersion "2"]
[SourceVersionDate "2010.07.15"]
[SourceQuality "1"]

1. d4 d5 2. g3 c6 3. Bg2 Nf6 4. Nf3 g6 5. 0-0 Bg7 6. c4 0-0 7. Nc3 dxc4 8. a4 Na6 9. e4 Be6 10. Bg5 Nb4 11. Qd2 Re8 12. Bh6 Bh8 13. h3 a5 14. Ng5 Qd7 15. Rad1 Red8 16. e5 Nfd5 17. Nce4 b6 18. Qe2 Bg7 19. Nxe6 Qxe6 20. Ng5 Qc8 21. Bxg7 Kxg7 22. Qxc4 h6 23. Ne4 Qa6 24. Qb3 Rab8 25. Rfe1 Qc8 26. h4 Qe6 27. Qf3 Qf5 28. Qe2 Qe6 29. h5 Nc7 30. Kh2 Qb3 31. Rd2 Qxa4 32. hxg6 fxg6 33. Nc3 Qb3 34. e6 Rd6 35. Qe5+ Kh7 36. Re3 Qxe6 37. Qf4 Ncd5 38. Rxe6 Nxf4 39. Rxe7+ 1-0

[Event "Tancat (Women)"]
[White "Oliva Valero, Oscar"]
[Black "Yanik, Emine"]
[Site "Sabadell"]
[Round "1"]
[Result "1-0"]
[Date "2010.05.14"]
[WhiteElo "2227"]
[BlackElo "2025"]
[PlyCount "63"]
[EventDate "2010.05.14"]
[EventType "tourn"]
[EventRounds "9"]
[EventCountry "ESP"]
[SourceTitle "CBM 136 Extra"]
[Source "ChessBase"]
[SourceDate "2010.07.02"]
[SourceVersion "2"]
[SourceVersionDate "2010.07.15"]
[SourceQuality "1"]

1. e4 d5 2. exd5 Qxd5 3. Nc3 Qa5 4. d4 Nf6 5. Nf3 c6 6. Bd2 Bf5 7. Bc4 e6 8. 0-0 Bb4 9. Ne5 0-0 10. a3 Bxc3 11. Bxc3 Qc7 12. Qe2 Nbd7 13. b4 Nd5 14. Bb2 a5 15. c3 N7f6 16. Bb3 b5 17. c4 bxc4 18. Qxc4 Ne4 19. Rfd1 Ne7 20. Rac1 Nd6 21. Qc3 Nb5 22. Qf3 axb4 23. axb4 Qd6 24. Rc5 Na7 25. h4 h6 26. g4 Bh7 27. Ra1 Qb8 28. Nd7 Qxb4 29. Nxf8 Rxf8 30. Rxa7 Qe1+ 31. Kh2 Be4 32. Re5 1-0

[Event "Mediterranean-ch 6th"]
[White "Yanik, Emine"]
[Black "Lebel Arias, Julia"]
[Site "Antalya"]
[Round "9"]
[Result "1-0"]
[Date "2009.01.17"]
[WhiteElo "2046"]
[BlackElo "1997"]
[PlyCount "93"]
[EventDate "2009.01.11"]
[EventType "swiss"]
[EventRounds "9"]
[EventCountry "TUR"]
[SourceTitle "CBM 128 Extra"]
[Source "ChessBase"]
[SourceDate "2009.03.05"]
[SourceVersion "2"]
[SourceVersionDate "2009.03.25"]
[SourceQuality "1"]

1. d4 g6 2. Nf3 Bg7 3. c4 d6 4. Nc3 c6 5. e3 Nd7 6. Be2 Ngf6 7. 0-0 0-0 8. Qc2 Re8 9. e4 e5 10. d5 cxd5 11. cxd5 a6 12. a4 Nh5 13. Re1 Nf4 14. Bf1 Nf6 15. Qb3 Rb8 16. a5 Bg4 17. Nd2 Nd7 18. f3 Nc5 19. Qc2 Bc8 20. Nc4 Bf8 21. Be3 Qh4 22. Kh1 Nh5 23. Bf2 Qd8 24. b4 Nd7 25. Rec1 Ng7 26. Bd3 h5 27. Rcb1 h4 28. b5 Nh5 29. bxa6 bxa6 30. Na4 Rxb1+ 31. Rxb1 Nf4 32. Bf1 g5 33. Ncb6 Nxb6 34. Rxb6 g4 35. fxg4 Bxg4 36. Be3 h3 37. Qf2 hxg2+ 38. Bxg2 Nxg2 39. Kxg2 Bh5 40. Qg3+ Bg6 41. Nc3 Bg7 42. Bd2 Qc7 43. Qd3 Qd7 44. Qg3 Ra8 45. h3 Qd8 46. h4 Rc8 47. Qg4 1-0

[Event "Mediterranean-ch 6th"]
[White "Yanik, Emine"]
[Black "Vocaturo, Daniele"]
[Site "Antalya"]
[Round "1"]
[Result "0-1"]
[Date "2009.01.11"]
[WhiteElo "2046"]
[BlackElo "2445"]
[PlyCount "58"]
[EventDate "2009.01.11"]
[EventType "swiss"]
[EventRounds "9"]
[EventCountry "TUR"]
[SourceTitle "CBM 128 Extra"]
[Source "ChessBase"]
[SourceDate "2009.03.05"]
[SourceVersion "2"]
[SourceVersionDate "2009.03.25"]
[SourceQuality "1"]

1. d4 Nf6 2. Nf3 e6 3. Bg5 h6 4. Bh4 d6 5. c4 g5 6. Bg3 Nh5 7. e3 Bg7 8. Nc3 0-0 9. Be2 f5 10. Qc2 Qe7 11. 0-0-0 b6 12. Nd2 Nxg3 13. hxg3 Nd7 14. Bf3 Rb8 15. Nb5 g4 16. Nxa7 gxf3 17. Nc6 Qf7 18. Nxb8 fxg2 19. Rh2 Nxb8 20. Rxg2 Bb7 21. Rh2 c5 22. Nb3 Bf3 23. Re1 Be4 24. Qe2 Qa7 25. f3 Qxa2 26. fxe4 Qxb3 27. exf5 Nc6 28. Reh1 Ra8 29. Kb1 Nb4 0-1

[Event "WMSG Rapid Team 1st (Women)"]
[White "Klimets, Elena"]
[Black "Yanik, Emine"]
[Site "Beijing"]
[Round "9"]
[Result "1-0"]
[Date "2008.10.16"]
[WhiteElo "2129"]
[BlackElo "2049"]
[PlyCount "79"]
[EventDate "2008.10.14"]
[EventType "team-tourn (rapid)"]
[EventRounds "9"]
[EventCountry "CHN"]
[SourceTitle "CBM 126 Extra"]
[Source "ChessBase"]
[SourceDate "2008.11.05"]
[SourceVersion "1"]
[SourceVersionDate "2008.11.05"]
[SourceQuality "1"]

1. e4 c5 2. Nc3 Nc6 3. g3 g6 4. Bg2 Bg7 5. d3 e6 6. Be3 d6 7. f4 Nge7 8. Nf3 0-0 9. 0-0 a6 10. Bf2 Qa5 11. Qe1 Rb8 12. g4 d5 13. Bh4 d4 14. Ne2 Qxe1 15. Raxe1 Re8 16. Nd2 Nb4 17. Nc4 Nec6 18. Nd6 Rf8 19. Nc1 Nxc2 20. Re2 Ne3 21. Rff2 Nxg4 22. Rf1 Ne3 23. Rfe1 Nxg2 24. Kxg2 f6 25. Nb3 b6 26. a3 a5 27. Nd2 Rd8 28. e5 g5 29. fxg5 Nxe5 30. gxf6 Nxd3 31. f7+ Kf8 32. Bxd8 Nf4+ 33. Kf3 Nxe2 34. Rxe2 Ba6 35. Rxe6 Bb7+ 36. Kf2 Be5 37. Re8+ Kg7 38. f8Q+ Kg6 39. Re6+ Kh5 40. Qf5# 1-0

[Event "WMSG Blitz Team KO 1st (Women)"]
[White "Ruan, Lufei"]
[Black "Yanik, Emine"]
[Site "Beijing"]
[Round "1.1"]
[Result "1-0"]
[Date "2008.10.14"]
[WhiteElo "2496"]
[BlackElo "2049"]
[PlyCount "39"]
[EventDate "2008.10.13"]
[EventType "k.o. (blitz)"]
[EventRounds "2"]
[EventCountry "CHN"]
[SourceTitle "CBM 126 Extra"]
[Source "ChessBase"]
[SourceDate "2008.11.05"]
[SourceVersion "1"]
[SourceVersionDate "2008.11.05"]
[SourceQuality "1"]

1. e4 c5 2. Nf3 d6 3. d4 cxd4 4. Nxd4 Nf6 5. Nc3 a6 6. f4 e6 7. Be2 Qc7 8. a4 Be7 9. 0-0 Nbd7 10. Be3 Nc5 11. Bf3 0-0 12. a5 b5 13. axb6 Qxb6 14. e5 Nd5 15. Bxd5 exd5 16. Nxd5 Qd8 17. Nc6 Qd7 18. Ndxe7+ Kh8 19. Qxd6 Ne4 20. Ng6+ 1-0

[Event "TUR-chT"]
[White "Chilingirova, Pavlina"]
[Black "Yanik, Emine"]
[Site "Kocaeli"]
[Round "6"]
[Result "1/2-1/2"]
[Date "2008.06.27"]
[WhiteElo "2213"]
[BlackElo "2072"]
[PlyCount "141"]
[EventDate "2008.06.24"]
[EventType "team-tourn"]
[EventRounds "15"]
[EventCountry "TUR"]
[SourceTitle "CBM 125 Extra"]
[Source "ChessBase"]
[SourceDate "2008.09.01"]
[SourceVersion "1"]
[SourceVersionDate "2008.09.01"]
[SourceQuality "1"]

1. c4 c5 2. Nc3 Nc6 3. g3 g6 4. Bg2 Bg7 5. e3 e6 6. Nge2 Nge7 7. Rb1 Nf5 8. a3 Qa5 9. 0-0 0-0 10. d3 a6 11. Bd2 Qc7 12. b4 cxb4 13. axb4 Ne5 14. Nc1 Rb8 15. f4 Nc6 16. b5 Bxc3 17. Bxc3 Nxe3 18. Qe2 Nxf1 19. bxc6 Nxg3 20. hxg3 bxc6 21. Ra1 f6 22. c5 d6 23. d4 Rb5 24. Nd3 a5 25. Qd2 a4 26. Rxa4 Rb1+ 27. Kh2 dxc5 28. Nxc5 Qg7 29. Bh3 Qh6 30. Ne4 Rb5 31. Nf2 Rd5 32. Qa2 e5 33. dxe5 fxe5 34. Bxe5 Be6 35. Qb2 Rfd8 36. Rd4 g5 37. fxg5 Qg6 38. Bxe6+ Qxe6 39. Rxd5 Qxd5 40. Bf4 Qf7 41. Ng4 Qh5+ 42. Kg2 Qxg4 43. Qb3+ Kg7 44. Qc3+ Kg8 45. Qc4+ Rd5 46. Qxc6 Qe2+ 47. Kh3 Qh5+ 48. Kg2 Qe2+ 49. Kh3 Qf1+ 50. Kh2 Qe2+ 51. Kh3 Rd8 52. Qb6 Re8 53. Qb3+ Kh8 54. Qc3+ Kg8 55. Qb3+ Re6 56. Qb8+ Kf7 57. Qb7+ Kg6 58. Qb1+ Kg7 59. Qa1+ Kg6 60. Qb1+ Qe4 61. Qxe4+ Rxe4 62. Kg4 Ra4 63. Kh4 Kf5 64. Kh5 Ra6 65. Be3 Ra1 66. Kh6 Ra3 67. Bf4 Ra7 68. Be3 Re7 69. Bf4 Rd7 70. Be3 Rb7 71. Bf4 1/2-1/2

[Event "EU-Cup (Women) 12th"]
[White "Yanik, Emine"]
[Black "Bensdorp, Marlies"]
[Site "Kemer"]
[Round "7.1"]
[Result "0-1"]
[Date "2007.10.09"]
[WhiteElo "2069"]
[BlackElo "2263"]
[PlyCount "120"]
[EventDate "2007.10.03"]
[EventType "team-swiss"]
[EventRounds "7"]
[EventCountry "TUR"]
[SourceTitle "EXT 2013"]
[Source "ChessBase"]
[SourceDate "2012.11.22"]
[SourceVersion "1"]
[SourceVersionDate "2012.11.22"]
[SourceQuality "1"]
[WhiteTeam "Antalya Deniz Genclik (W)"]
[BlackTeam "Utrecht (W)"]
[WhiteTeamCountry "TUR"]
[BlackTeamCountry "NED"]

1. d4 d5 2. Nf3 Nf6 3. Bf4 c6 4. e3 Qb6 5. b3 Bg4 6. Bd3 e6 7. h3 Bh5 8. 0-0 Nbd7 9. Nbd2 Be7 10. c4 c5 11. Rb1 0-0 12. Qc2 Rac8 13. Qb2 cxd4 14. exd4 dxc4 15. Nxc4 Qd8 16. Nd6 Bxd6 17. Bxd6 Re8 18. Be2 Ne4 19. Bb4 Qb6 20. Be1 Ndf6 21. Rd1 Nd5 22. Rd3 Nf4 23. Re3 Nxe2+ 24. Qxe2 Nf6 25. g4 Bg6 26. Rc3 Nd5 27. Rxc8 Rxc8 28. Bd2 Rc2 29. Qe5 Qc7 30. Qxc7 Nxc7 31. Rc1 Nb5 32. Kf1 Rxc1+ 33. Bxc1 Be4 34. Nd2 Bd3+ 35. Ke1 Nxd4 36. Bb2 Nc2+ 37. Kd1 Nb4 38. a3 Nd5 39. Bd4 a6 40. Nf3 Nf4 41. Ng1 g5 42. Bf6 h6 43. h4 gxh4 44. Bxh4 f5 45. Kd2 Be4 46. Bg3 Ng6 47. f3 Bd5 48. b4 Kf7 49. Ke3 fxg4 50. fxg4 Kf6 51. Kd4 Kg5 52. Ke3 Kxg4 53. Kf2 h5 54. Ne2 h4 55. Bh2 h3 56. Bg3 e5 57. Nc3 Bc6 58. Nd1 Nf4 59. Ne3+ Kh5 60. Nc4 Kg5 0-1

[Event "EU-Cup (Women) 12th"]
[White "Yanik, Emine"]
[Black "Gencer, Ozlem"]
[Site "Kemer"]
[Round "4.1"]
[Result "1-0"]
[Date "2007.10.06"]
[WhiteElo "2069"]
[BlackElo "1940"]
[PlyCount "103"]
[EventDate "2007.10.03"]
[EventType "team-swiss"]
[EventRounds "7"]
[EventCountry "TUR"]
[SourceTitle "EXT 2013"]
[Source "ChessBase"]
[SourceDate "2012.11.22"]
[SourceVersion "1"]
[SourceVersionDate "2012.11.22"]
[SourceQuality "1"]
[WhiteTeam "Antalya Deniz Genclik (W)"]
[BlackTeam "Tarsus Zeka (W)"]
[WhiteTeamCountry "TUR"]
[BlackTeamCountry "TUR"]

1. d4 d5 2. Nf3 c6 3. Bf4 Qb6 4. Qc1 Bf5 5. e3 Nd7 6. Be2 Ngf6 7. h3 e6 8. Nbd2 h6 9. 0-0 Be7 10. c4 0-0 11. c5 Qd8 12. b4 Ne4 13. Nxe4 Bxe4 14. Nd2 Bg6 15. a4 Bf6 16. Nf3 Re8 17. Qc3 Rc8 18. Rfc1 b6 19. Ba6 bxc5 20. bxc5 Be4 21. Bxc8 Qxc8 22. Ne5 Nxe5 23. Bxe5 Bd8 24. a5 Qa6 25. Ra3 Re7 26. Bg3 Rb7 27. f3 Bg6 28. Be1 Rb5 29. Rca1 Qb7 30. a6 Qb8 31. Ra4 Bg5 32. f4 Bd8 33. Rb4 Rxb4 34. Qxb4 Qxb4 35. Bxb4 Bd3 36. Ba5 Bxa5 37. Rxa5 f5 38. Kf2 Kf7 39. Ra3 Bc4 40. Kg3 Ke7 41. Kh4 g6 42. Ra1 Kf6 43. Kg3 Ke7 44. Kf3 Kf6 45. g4 Kf7 46. Rb1 Bb5 47. Kg3 Ke7 48. h4 fxg4 49. Kxg4 Kf6 50. h5 Bxa6 51. hxg6 Kxg6 52. Ra1 1-0

[Event "BL 9900 (Women)"]
[White "Yanik, Emine"]
[Black "Vidonyak, Nellya"]
[Site "Germany"]
[Round "8.5"]
[Result "1/2-1/2"]
[Date "2000.03.04"]
[WhiteElo "2053"]
[BlackElo "2264"]
[PlyCount "86"]
[EventDate "1999.10.16"]
[EventType "team-tourn"]
[EventRounds "11"]
[EventCountry "GER"]
[SourceTitle "CBM 075 Extra"]
[Source "ChessBase"]
[SourceDate "2000.05.11"]
[SourceVersion "2"]
[SourceVersionDate "2000.05.11"]
[SourceQuality "1"]
[WhiteTeam "Emsdetten Turm"]
[BlackTeam "Karlsruhe"]
[WhiteTeamCountry "GER"]
[BlackTeamCountry "GER"]

1. d4 d5 2. Nf3 Nf6 3. Bg5 Ne4 4. Bf4 e6 5. e3 Be7 6. Bd3 f5 7. Bxe4 fxe4 8. Ne5 0-0 9. Qg4 c5 10. c3 Nc6 11. Nd2 cxd4 12. exd4 Nxe5 13. Bxe5 Bf6 14. Bxf6 Rxf6 15. Qe2 Qb6 16. b3 Bd7 17. a4 Rc8 18. Qe3 Rg6 19. 0-0 e5 20. Rfc1 exd4 21. cxd4 Rgc6 22. Rxc6 Qxc6 23. Re1 Qc3 24. f3 Qxe3+ 25. Rxe3 Rc2 26. Nf1 Bc6 27. h3 Rc1 28. Kf2 Rd1 29. Ke2 Rxd4 30. fxe4 dxe4 31. Ng3 g6 32. Nf1 Kg7 33. Nd2 Kf6 34. g3 Rb4 35. Rc3 Rd4 36. Ke3 Rd3+ 37. Rxd3 exd3 38. Kxd3 Kf5 39. Ke3 g5 40. Nc4 Bg2 41. Kf2 Bc6 42. Ke3 Bd5 43. Kd4 Ke6 1/2-1/2